[Event "Titled Tuesday intern op 08th Aug Early"]
[Site "Chess.com INT"]
[Date "2023.08.08"]
[Round "5"]
[White "Pranav, Anand"]
[Black "Firouzja, Alireza"]
[Result "0-1"]
[WhiteElo "2529"]
[BlackElo "2777"]
[PlyCount "72"]
[EventDate "2023.08.08"]
[EventType "swiss (blitz)"]
[EventRounds "11"]
[EventCountry "USA"]
[SourceTitle "EXT 2024"]
[Source "ChessBase"]
[SourceDate "2023.10.10"]
[SourceVersion "1"]
[SourceVersionDate "2023.10.10"]
[SourceQuality "1"]

1. Nf3 Nf6 2. c4 g6 3. g3 Bg7 4. Bg2 0-0 5. 0-0 d6 6. Nc3 e5 7. d3 Nc6 8. Bg5 h6 9. Bxf6 Bxf6 10. Rb1 a5 11. a3 Bg7 12. Nd2 Nd4 13. e3 Ne6 14. b4 axb4 15. axb4 c6 16. Qc2 f5 17. b5 Bd7 18. bxc6 bxc6 19. Rb7 Nc5 20. Rb4 Ra3 21. Ndb1 Ra1 22. Rd1 Qa5 23. Qb2 e4 24. d4 Nd3 25. Rxd3 exd3 26. Bf1 c5 27. Rb7 Rf7 28. Bxd3 cxd4 29. exd4 Bxd4 30. c5 Bxc3 31. Qb3 Kg7 32. c6 Be8 33. Bc4 Bd4 34. Qd1 Bxf2+ 35. Kxf2 Qc5+ 36. Ke2 Qxc4+ 0-1

[Event "Titled Tuesday intern op 08th Aug Early"]
[Site "Chess.com INT"]
[Date "2023.08.08"]
[Round "1"]
[White "Pranav, Anand"]
[Black "Hrebenshchykova, Yelyzaveta"]
[Result "1-0"]
[WhiteElo "2529"]
[BlackElo "2324"]
[PlyCount "89"]
[EventDate "2023.08.08"]
[EventType "swiss (blitz)"]
[EventRounds "11"]
[EventCountry "USA"]
[SourceTitle "EXT 2024"]
[Source "ChessBase"]
[SourceDate "2023.10.10"]
[SourceVersion "1"]
[SourceVersionDate "2023.10.10"]
[SourceQuality "1"]

1. Nf3 Nf6 2. c4 e6 3. g3 d5 4. Bg2 d4 5. d3 c5 6. e4 Nc6 7. e5 Nd7 8. Qe2 g6 9. Bf4 Bg7 10. 0-0 0-0 11. Nbd2 Qe7 12. h4 h6 13. Rfe1 Rb8 14. Ne4 Ndxe5 15. Nxe5 Nxe5 16. Nxc5 Qxc5 17. Bxe5 Bxe5 18. Qxe5 Qxe5 19. Rxe5 b6 20. h5 g5 21. b4 Ba6 22. a4 Rfd8 23. a5 b5 24. c5 Rbc8 25. c6 Rc7 26. Rc1 Rd6 27. f4 f6 28. Rec5 Kf7 29. Kf2 Ke7 30. Re1 Bc8 31. fxg5 fxg5 32. Ree5 a6 33. Be4 Kf6 34. Kf3 Rd8 35. Kg4 Ke7 36. Bg2 Kf6 37. Re1 e5+ 38. Kf3 Re8 39. Rf1 g4+ 40. Ke4+ Kg5 41. Rxe5+ Rxe5+ 42. Kxe5 Re7+ 43. Kxd4 Re2 44. Be4 Be6 45. Rc1 1-0

[Event "Titled Tuesday intern op 08th Aug Early"]
[Site "Chess.com INT"]
[Date "2023.08.08"]
[Round "10"]
[White "Pranav, Anand"]
[Black "Pranesh, M."]
[Result "1-0"]
[WhiteElo "2529"]
[BlackElo "2503"]
[PlyCount "93"]
[EventDate "2023.08.08"]
[EventType "swiss (blitz)"]
[EventRounds "11"]
[EventCountry "USA"]
[SourceTitle "EXT 2024"]
[Source "ChessBase"]
[SourceDate "2023.10.10"]
[SourceVersion "1"]
[SourceVersionDate "2023.10.10"]
[SourceQuality "1"]

1. Nf3 Nf6 2. c4 b6 3. g3 Bb7 4. Bg2 e6 5. 0-0 Be7 6. b3 0-0 7. Bb2 d6 8. d4 Nbd7 9. Nbd2 Re8 10. Qc2 Bf8 11. e4 e5 12. d5 a5 13. a3 Nc5 14. b4 Na6 15. Bc3 axb4 16. axb4 Nd7 17. Nh4 g6 18. Nb3 Be7 19. Nf3 Rf8 20. Bh3 Nf6 21. Nfd2 Nh5 22. Qd3 Bc8 23. Bg2 f5 24. b5 Nc5 25. Nxc5 Rxa1 26. Rxa1 bxc5 27. Ra8 Qe8 28. Ba5 Qf7 29. Bxc7 f4 30. Qe2 Kg7 31. Bf3 fxg3 32. hxg3 Bh3 33. Rxf8 Bxf8 34. b6 Bc8 35. Nb3 Qd7 36. Bxh5 gxh5 37. Qxh5 Be7 38. Na5 Qa4 39. Nc6 Bf6 40. Bxd6 Qxc4 41. Bxe5 Qxe4 42. Qg5+ Qg6 43. Bxf6+ Kf7 44. Ne5+ Ke8 45. Nxg6 Be6 46. dxe6 h6 47. Qd5 1-0